Türkiye'ye En Yakın Ülkeler - Statistics

General Stats
  • This quiz has been taken 15 times
  • The average score is 15 of 20
Answer Stats
km ülke % Correct
0 Gürcistan
100%
0 Irak
100%
0 Iran
100%
0 Suriye
100%
0 Yunanistan
100%
0 Azerbaycan
91%
0 Bulgaristan
91%
0 Ermenistan
91%
136 Rusya
82%
69 Kıbrıs
73%
198 Romanya
73%
285 İsrail
64%
125 Lübnan
64%
274 Makedonya
64%
322 Sırbistan
64%
409 Ukrayna
64%
342 Ürdün
64%
420 Arnavutluk
55%
388 Kosova
45%
387 Moldova
36%
No matching quizzes found
Score Distribution
Percent of People with Each Score
Percentile by Number Answered
Your Score History
You have not taken this quiz